| 000 | 00581nam a22001817a 4500 | ||
|---|---|---|---|
| 005 | 20251108164245.0 | ||
| 008 | 250721s1992 xx 000 0 ara d | ||
| 082 | 1 | 4 | _a350/نوا |
| 100 | 1 | _aكنعان، نواف | |
| 245 | 1 | 0 | _aإتخاذ القرارات الإدارية بين النظرية و التطبيق / |
| 250 | _aط3. | ||
| 264 | 1 |
_aعمان : _bمكتبة دار الثقافة للنشر والتوزيع، _c1992. |
|
| 300 | _a373ص | ||
| 650 | 1 | 7 | _aالإدارة العامة |
| 650 | 1 | 7 | _aالقانون الإدراي |
| 942 |
_2ddc _cBK |
||
| 999 |
_c7652 _d7652 |
||